| 000 | 01254nam a22002297a 4500 | ||
|---|---|---|---|
| 005 | 20250904150620.0 | ||
| 010 | _aHIN-130376 B-773528-551 25BACHN25 | ||
| 020 |
_c299.00 _a9789391080693 |
||
| 035 | _aB-773528-551 | ||
| 035 | _aHN-102722 | ||
| 037 | _bहिंदी बुक सेन्टर | ||
| 037 | _bDBAD | ||
| 082 |
_21 _a821 |
||
| 100 |
_aगोरखपुरी, फ़िराक _984802 |
||
| 245 |
_aहमसे क्या हो सका मोहबत में/ _cफ़िराक गोरखपुरी |
||
| 250 | _a2 | ||
| 260 |
_aउत्तर प्रदेश _bरेख्ता पब्लिकेशन _c2023 |
||
| 270 |
_a4/5-बी, आसफ अली रोड, _b नई दिल्ली _e110002 |
||
| 300 |
_a200पृ. _c22सेमी(आजिल्द) |
||
| 942 |
_2ddc _cHN _h821 _mगोरख |
||
| 999 |
_c210052 _d210052 |
||